000 00519nam a2200181Ia 4500
001 11400
005 20260306162825.0
008 260306t2019||||xx |||||||||||||| ||spa||
041 _aESP
082 _a985.04
_bT25
100 _aTauzin-Castellanos, Isabelle
_eAUT
245 0 _aRepresentaciones internas y miradas externas sobre el Perú y la América andina:
_bdel Virreinato al Novecientos
260 _c2019
300 _a363 páginas :
_c24 cm.
650 _aGEN
654 _aCHU
942 _cLIB
_dJUS
_fJUS
_2ddc
_n
999 _c11400
_d11400